000 002910000a22000970004500
100 1 _aSmith, Geoffrey
245 1 0 _aA closer look at the window's offering : Mark 12:41-44
300 _aVol. 40, Num. 1 (Marzo, 1997), Páginas 27-36
773 0 _tJournal of the Theological Society
942 _cANA
999 _c54534
_d54534